A note on the augmentation ideal of certain rings associated with free groups

Elmentve itt :
Bibliográfiai részletek
Szerző: Voiculescu Dan
Dokumentumtípus: Cikk
Megjelent: 1993
Sorozat:Acta scientiarum mathematicarum 57 No. 1-4
Kulcsszavak:Matematika
Online Access:http://acta.bibl.u-szeged.hu/15384
LEADER 00636nab a2200181 i 4500
001 acta15384
005 20210326150415.0
008 161015s1993 hu o 0|| eng d
022 |a 0001-6969 
040 |a SZTE Egyetemi Kiadványok Repozitórium  |b hun 
041 |a eng 
100 1 |a Voiculescu Dan 
245 1 2 |a A note on the augmentation ideal of certain rings associated with free groups  |h [elektronikus dokumentum] /  |c  Voiculescu Dan 
260 |c 1993 
300 |a 277-287 
490 0 |a Acta scientiarum mathematicarum  |v 57 No. 1-4 
695 |a Matematika 
856 4 0 |u http://acta.bibl.u-szeged.hu/15384/1/math_057_277-287.pdf  |z Dokumentum-elérés